000 00532nam a2200181Ia 4500
008 100917s9999 xx 000 0 und d
082 _b63817
100 _aअष्टीकर बा. सी.
245 _aरक्तप्रेम
260 _bगुलमोहर पब्लिकेशन्स
_c1982
300 _a240
365 _b32
520 _aकादंबरी
630 _aरक्तप्रेम
650 _aकादंबरी
730 _aरक्तप्रेम
942 _cBOOK
999 _c669211
_d669208